000 00629nam a2200169Ia 4500
005 20141021142741.0
008 140321s9999 xx 000 0 und d
020 _a9780415648622
050 _aBF 698.9.I6
_b.In55 2001
245 _aIntelligence and personality :
_bbridging the gap in theory and measurement /
_cedited by : Janet M. Collis and Samuel Messick.
260 _aNew Jersey :
_bLawrence Erlbaum Associates,
_cc2001.
300 _a387 p. :
_bill. ;
_c24 cm.
500 _aIncludes bibliographical references and index.
650 _aPersonality and intelligence
_xCogresses.
942 _kFOR
_cBK
_2lcc
999 _c48696
_d48696